MDQL
is popping MORE tags! Check the
thread
!
Quizzes
Events
Quiz Creation
Community
Videos
Private Events
Remove Ads
Sign In
Join for FREE
Feedback
Dark Mode
Quiz Categories
Sports
Geography
Music
Movies
Television
Just For Fun
Miscellaneous
History
Literature
Language
Science
Gaming
Entertainment
Religion
Holiday
For Kids
Quiz Lab
Recent
Popular Today
Quiz Kudos Today
Editor Picks
Curator Picks
Quizzes by...
Day
Popularity
Type
Ratings
Length
Year
Community
Subscriptions
Recent Discussions
Orange Saloon
Badges
Playlists
Quests
Create
Leaderboards
Showdown
Live 5
Trivia Bingo
Activity
Puzzle Library
Sporcle Events
Private Events
Virtual Trivia
Globe League
Become a Host
Pub Owners
SporcleCon
Opinionation
Our Games
Videos
Blog
Mobile Apps
Partnerships
Remove Ads and Go Orange
Feedback
Sports
Athletes
MLB
NBA
NHL
NFL
Soccer
Sports Teams
WWE
NCAA
Football
Premier League
Basketball
Baseball
Hockey
Golf
Tennis
Cricket
Rugby
Auto Racing
Olympics
World Cup
Sports
Athletes
MLB
NBA
NHL
NFL
Soccer
Sports Teams
WWE
NCAA
Football
Premier League
Basketball
Baseball
Hockey
Golf
Tennis
Cricket
Rugby
Auto Racing
Olympics
World Cup
Random Quiz
Search Sporcle
×
Quiz Lab
Quiz Lab
Sports
NCAA Tournament
Type in answers that appear in a list
Type in answers that appear in a list
Classic
Best Score? Go Orange.
Last Eight Elite Eights Stats
Can you name the Last Eight Elite Eights?
By
Werderitsch1550
5m
64 Questions
137 Plays
137 Plays
137 Plays
Comments
Comments
Give Quiz Kudos
Give Quiz Kudos
-
- Ratings
hide this ad
More Info
Replay
Link that replays current quiz
Next Quiz
Link to next quiz in quiz playlist
You Got
0%
They Got
Avg Score
91%
Avg Friend Score
Upgrade to see
Score Distribution
Jump to the score distribution portion of the page
Score
0/64
Timer
05:00
0
Plays Today
Hint
Answer
% Correct
2009
North Carolina
100%
2010
Duke
100%
2011
North Carolina
100%
2012
North Carolina
100%
2013
Duke
100%
2015
Duke
100%
2009
Michigan St.
99.3%
2010
Michigan St.
99.3%
2011
Kansas
99.3%
2012
Kansas
99.3%
2013
Michigan
99.3%
2014
Michigan St.
99.3%
2014
Michigan
99.3%
2015
Michigan St.
99.3%
2016
Kansas
99.3%
2016
Oregon
97.8%
2011
Florida
97.1%
2012
Florida
97.1%
2013
Florida
97.1%
2014
Florida
97.1%
2016
North Carolina
97.1%
2010
Kentucky
96.4%
2011
Kentucky
96.4%
2012
Kentucky
96.4%
2012
Syracuse
96.4%
2013
Syracuse
96.4%
2014
Kentucky
96.4%
2014
Wisconsin
96.4%
2015
Wisconsin
96.4%
2015
Kentucky
96.4%
2016
Villanova
96.4%
2016
Virginia
95.6%
Hint
Answer
% Correct
2011
Arizona
94.9%
2014
Arizona
94.9%
2015
Arizona
94.9%
2016
Syracuse
94.9%
2016
Oklahoma
94.2%
2009
Villanova
93.4%
2009
Oklahoma
93.4%
2009
Connecticut
92.7%
2011
Connecticut
92.7%
2014
Connecticut
92.7%
2009
Louisville
92%
2012
Louisville
92%
2013
Louisville
92%
2015
Louisville
92%
2012
Ohio St.
90.5%
2013
Ohio St.
90.5%
2015
Gonzaga
89.8%
2015
Notre Dame
89.8%
2016
Notre Dame
89.8%
2010
Butler
86.1%
2011
Butler
86.1%
2011
Virginia Commonwealth
80.3%
2013
Wichita St.
80.3%
2010
West Virginia
74.5%
2010
Baylor
73%
2012
Baylor
73%
2010
Tennessee
72.3%
2010
Kansas St.
69.3%
2009
Pittsburgh
68.6%
2013
Marquette
63.5%
2009
Missouri
59.9%
2014
Dayton
57.7%
Quiz Playlist
Details
Report
Send in Message
Add To Playlist
More Info:
Pick the teams that have played in the last 8 Elite Eights of the NCAA Men's Basketball Tournament.
Classic:
Type in answers that appear in a list
Last Updated: Feb 16, 2017
Quiz Scoreboard
CHALLENGE
Sign Up to Join the Scoreboard
Show All
Scores
Hide
Comments
May contain spoilers
Recently Published
Find the 'City' Movie
by crazypaving
Movies
60s
5x2 Blitz: Bands
by SL_Kpop136
Music
30s
Colored Red Africa Blitz
by spor1
Geography
30s
More to Explore
Quiz From the Vault
Featured Blog Post
14 Easter Pick-up Lines to Find Eggs With
hide this ad
You Might Also Like...
Tags
Elite Eight
NCAA Tournament
Today's Top Quizzes in Sports
Browse Sports
hide this ad
Today's Top Quizzes in NCAA Tournament
Browse NCAA Tournament
Top Contributed Quizzes in Sports
1
Players with Multiple 50 Home Run Seasons
2
Les entraîneurs de l'OM et du PSG au 21e siècle
3
Criteria MLB: Left Handed Sluggers
4
2022 World Cup Stars
5
Les meilleurs buteurs des matchs entre le PSG et l’OM
6
Who Hit More Homers?
7
Les joueurs passés par le PSG et l'OM
8
NBA Logic Puzzle 2.0
9
Top 10 NHL Goal Scorers of All Time
10
MLB Players with Two .350 Batting Average Seasons
Explore More
Trending Topics
Kpop
Disney
Harry Potter
Anime
Crossword
Marvel
NBA
Country
NFL
Pokémon
Puzzle
Song
Soccer
WWE
The Office
hide this ad
More By:
Werderitsch1550
Quiz
Plays
Rating
Category
Featured
Created
American Ninja Warrior Season 7
628
5.00
Sports
Aug 23, 2015
NFL Playoff Head Coaches
203
5.00
Sports
Mar 5, 2013
Last Eight Elite Eights
137
5.00
Sports
Mar 26, 2016
2016 NCAA Men's Tournament Nicknames
135
4.50
Sports
Mar 20, 2016
3-1 deficit in the NBA Finals
90
3.00
Sports
Jun 26, 2016
Go to Creator's Profile
Score Distribution
Quiz Creator Spotlight
Werderitsch1550
Follow
Send a Message
Quizzes Created
-
Created Quiz Play Count
-
More By This Creator
Popular Quizzes Today
1
Colored Red Africa Blitz
2
Find the 'City' Movie
3
Find the US States - No Outlines Minefield
4
5x2 Blitz: Bands
5
The Countries of the World
6
Find the US States
7
US States
8
9x9 Crossword: Cartoon Network
More Sports Quizzes
Match Game: Football Quarterbacks
Editor's Pick
Trending Quizzes
Colored Red Europe Blitz I
Colored Red Europe Blitz II
Colored Red Africa Blitz II
Colored Red Europe Blitz III
Colored Red Africa Blitz III
Recently Updated
How Do You Spell That?
pecheneg
Godzilla Movies
pecheneg
Grab Bag: 4-10 Letters
pecheneg
2024 March Madness Bracket
pecheneg
Famous TV Couples
Peacemaker
Champions League XIs: Real Madrid
pecheneg
Largest US Cities 1790-2010
pecheneg
Rides in Walt Disney World
pecheneg
Most Oscar Losses (Acting)
pecheneg
Beyoncé Albums
pecheneg
Trending Topics
Harry Potter
Crossword
Anime
Kpop
NBA
Marvel
Disney
Puzzle
Soccer
NFL
Country
Pokémon
The Office
WWE
Song
Your Account Isn't Verified!
In order to create a playlist on Sporcle, you need to verify the email address you used during registration. Go to your
Sporcle Settings
to finish the process.
Report this User
Report this user for behavior that violates our
Community Guidelines
.
Details:
Send Report
Go to the Sporcle.com Mobile Site →
Comments